| 000 | | | 03601nmc2a2200000 x 450 |
| 001 | | | 53fa48cb-d173-40f2-a6fe-1309e58812df |
| 005 | | | 20151217152424.0 |
| 100 | ## | $a | 20150616l18311831k l0rusy0189 ca |
| 101 | 0# | $a | rus |
| 102 | ## | $a | RU |
| 200 | 1# | $a | Фасады и планы сельских лазаретов Гатчинского и Ропшинского округов |
| | $j | 1831 г. |
| 251 | ## | $c | Дело |
| 300 | ## | $a | Подпись: архитектор С. Харламов. Утверждено 28 февраля 1831 года. Акварель |
| 801 | #0 | $a | RU |
| | $b | РГИА |
| | $c | 20150616 |
| | $g | RCR |
| 801 | #1 | $a | RU |
| | $b | ГлавНИВЦ |
| | $c | 20150616 |
| | $2 | rusmarc |
| 801 | #2 | $a | RU |
| | $b | ПБ им. Б.Н. Ельцина |
| | $c | 20151217 |
| | $g | RCR |
| | $2 | rusmarc |
| 850 | ## | $a | РГИА |
| 852 | ## | $a | РГИА |
| | $e | Федеральное казенное учреждение "Российский государственный исторический архив" (РГИА) |
| | $j | 62 |
| 937 | ## | $h | РГИА |
| | $d | 12099947 |
| | $a | ASBIBLIO_SCAN |
| 462 | #0 | $1 | 001b3333ac2-de4a-40fa-bb25-edef65d9be9f |
| | $1 | 2001 |
| | $a | Планы зданий Ведомства учреждений императрицы Марии |
| | $1 | 251 |
| | $c | Опись |
| | $1 | 852 |
| | $j | 95 |
| 461 | #0 | $1 | 001fd239d76-f3be-4e65-bf12-40524fd81eef |
| | $1 | 2001 |
| | $a | Собственная его императорского величества канцелярия по учреждениям императрицы Марии |
| | $1 | 251 |
| | $c | Фонд |
| | $1 | 852 |
| | $j | 759 |
| 215 | ## | $a | 2 л. |
| | $c | план. |
| | $d | 75х60,5 см |
| 371 | ## | $a | Документ не является опубликованным и широко распространяемым |
| 105 | ## | $a | e### |
| 122 | 0# | $a | d |
| 035 | ## | $a | 53fa48cb-d173-40f2-a6fe-1309e58812df |